Movies Quiz

Random Movies Quiz

Dan's One Word Movie Clues 2 Quiz Stats

 Plays Quiz not verified by Sporcle

Also try: Matt Damon Movies
Challenge
Share
Tweet
Embed
Score 0/20 Timer 12:00
0 Plays Today
One Word Movie % Correct
KansasThe Wizard Of Oz
83%
July4thIndependence Day
75%
FinalAnswerSlumdog Millionaire
64%
RoofiesThe Hangover
60%
NotreDameRudy
60%
JordanSpace Jam
57%
PokerRounders
49%
HouseArrestDisturbia
44%
BambinoThe Sandlot
43%
SugarwaterMen In Black
40%
One Word Movie % Correct
MicroscopicHoney I Shrunk The Kids
36%
TeleportJumper
30%
ChanceHomeward Bound
24%
SupermarketThe Mist
19%
NinjaRapTeenage Mutant Ninja Turtles 2
17%
FacilityGoldenEye
16%
KlitzThe Girl Next Door
15%
PinchOcean's Eleven
14%
WorthlessThe Brave Little Toaster
11%
ButtlickAnger Management
9%

You're not logged in!

Compare scores with friends on all Sporcle quizzes.
Join for Free
OR
Log In

You Might Also Like...

Show Comments

Extras

Created May 29, 2010SourceReportNominate
Tags:1-word, dan

Top Quizzes Today


Score Distribution

Your Account Isn't Verified!

In order to create a playlist on Sporcle, you need to verify the email address you used during registration. Go to your Sporcle Settings to finish the process.

Report this User

Report this user for behavior that violates our Community Guidelines.

Details: